Most profitable companies in the U.S. in 2018 - Statistics

General Stats
  • This quiz has been taken 25 times
  • The average score is 4 of 5
Answer Stats
Rank Company % Correct
#1 ($926.9B) Apple
85%
#4 ($750.6B) Microsoft
80%
#2 ($777.8B) Amazon
65%
#5 ($541.5B) Facebook
65%
#3 ($766.4B) Alphabet
60%
No matching quizzes found
Score Distribution
Percent of People with Each Score
Percentile by Number Answered
Your Score History
You have not taken this quiz